000 01416nam a2200277 4500
001 114633
003 DR-UNIBE
005 20260511112631.0
008 260511b2010 sp ||||| |||| 00| 0 spa d
020 _a848460859X
020 _a9788484608592
040 _aBIBLIOTECA UNIBE
_bspa
_cBIBLIOTECA UNIBE
041 _aspa
082 _222
_a303.625 S161p
100 1 0 _aSalas, Antonio,
_d1937-
_eautor
_9204760
245 1 3 _aEl palestino /
_cAntonio Salas
250 _aPrimera edición
260 _aMadrid :
_bTemas de Hoy/Ediciones Planeta Madrid, S. A.,
_c2010
300 _a670 páginas, [48] páginas de láminas :
_bilustraciones (principalmente en color) ;
_c24 cm
490 _aEn primera persona (Ediciones Temas de Hoy)
520 3 _a"Después de séis años bajo la identidad ficticia de Muhammad Abdallah en diversas organizaciones terroristas, ve la luz 'El Palestino, ' una crónica sorprendente en la que el conocido periodista de investigación Antonio Salas nos relata este tiempo viviendo al límite, para tratar de desvelar a sus lectores qué hay de verdadero o falso en las aterradoras noticas que nos golpean día a día sobre la escalada de violencia en el mundo."--Publisher's description
650 7 _2lemb
_aTerrorismo
_zPaíses árabes
_9204786
650 7 _2lemb
_aTerrorismo
_zAmérica del Sur
_9204787
650 7 _2lemb
_aTerrorismo
_xComunicados de prensa
_9204788
942 _2ddc
_cBK
999 _c114633
_d114633